000 00292nam a2200121Ia 4500
008 190902s9999||||xx |||||||||||||| ||und||
020 _a0-7607-1153-4
100 _aShaukat Ali Jawaid
245 0 _aWhy Create Ripples?
260 _aIndia
_bThe McGraw-Hill
_c2007
300 _a334
942 _cBK
999 _c2743
_d2743